<?xml version="1.0" encoding="UTF-8"?>
<record
    xmlns:xsi="http://www.w3.org/2001/XMLSchema-instance"
    xsi:schemaLocation="http://www.loc.gov/MARC21/slim http://www.loc.gov/standards/marcxml/schema/MARC21slim.xsd"
    xmlns="http://www.loc.gov/MARC21/slim">

  <leader>04714cam a2200649 a 4500</leader>
  <datafield tag="952" ind1=" " ind2=" ">
    <subfield code="0">0</subfield>
    <subfield code="1">0</subfield>
    <subfield code="4">0</subfield>
    <subfield code="7">0</subfield>
    <subfield code="8">OPEN</subfield>
    <subfield code="a">UCCML</subfield>
    <subfield code="b">UCCML</subfield>
    <subfield code="c">MLEE1</subfield>
    <subfield code="d">2018-10-11</subfield>
    <subfield code="i">185816</subfield>
    <subfield code="l">2</subfield>
    <subfield code="o">BF698.H19</subfield>
    <subfield code="p">30261100418971</subfield>
    <subfield code="r">2019-02-05 00:00:00</subfield>
    <subfield code="s">2019-01-22</subfield>
    <subfield code="w">2018-10-11</subfield>
    <subfield code="y">BK</subfield>
  </datafield>
  <datafield tag="999" ind1=" " ind2=" ">
    <subfield code="c">26667</subfield>
    <subfield code="d">26667</subfield>
  </datafield>
  <controlfield tag="001">ocm21593110 </controlfield>
  <controlfield tag="003">OCoLC</controlfield>
  <controlfield tag="005">20220304153320.0</controlfield>
  <controlfield tag="008">900501s1990    nyua     b    001 0 eng  </controlfield>
  <datafield tag="010" ind1=" " ind2=" ">
    <subfield code="a">   90037936 </subfield>
  </datafield>
  <datafield tag="016" ind1="7" ind2=" ">
    <subfield code="a">9303218</subfield>
    <subfield code="2">DNLM</subfield>
  </datafield>
  <datafield tag="016" ind1="7" ind2=" ">
    <subfield code="a">BA10529515</subfield>
    <subfield code="2">JP-ToKJK</subfield>
  </datafield>
  <datafield tag="020" ind1=" " ind2=" ">
    <subfield code="a">0898624304</subfield>
    <subfield code="q">(alk. paper)</subfield>
  </datafield>
  <datafield tag="020" ind1=" " ind2=" ">
    <subfield code="a">9780898624304</subfield>
    <subfield code="q">(alk. paper)</subfield>
  </datafield>
  <datafield tag="020" ind1=" " ind2=" ">
    <subfield code="a">0898625939</subfield>
  </datafield>
  <datafield tag="020" ind1=" " ind2=" ">
    <subfield code="a">9780898625936</subfield>
  </datafield>
  <datafield tag="029" ind1="1" ind2=" ">
    <subfield code="a">AU@</subfield>
    <subfield code="b">000007548958</subfield>
  </datafield>
  <datafield tag="029" ind1="1" ind2=" ">
    <subfield code="a">DEBBG</subfield>
    <subfield code="b">BV004045094</subfield>
  </datafield>
  <datafield tag="029" ind1="1" ind2=" ">
    <subfield code="a">DEBBG</subfield>
    <subfield code="b">BV021902054</subfield>
  </datafield>
  <datafield tag="029" ind1="1" ind2=" ">
    <subfield code="a">DEBSZ</subfield>
    <subfield code="b">022324941</subfield>
  </datafield>
  <datafield tag="029" ind1="1" ind2=" ">
    <subfield code="a">GBVCP</subfield>
    <subfield code="b">02706462X</subfield>
  </datafield>
  <datafield tag="029" ind1="1" ind2=" ">
    <subfield code="a">GEBAY</subfield>
    <subfield code="b">1432747</subfield>
  </datafield>
  <datafield tag="029" ind1="1" ind2=" ">
    <subfield code="a">HEBIS</subfield>
    <subfield code="b">014436639</subfield>
  </datafield>
  <datafield tag="029" ind1="1" ind2=" ">
    <subfield code="a">NLM</subfield>
    <subfield code="b">9303218</subfield>
  </datafield>
  <datafield tag="029" ind1="1" ind2=" ">
    <subfield code="a">NZ1</subfield>
    <subfield code="b">4354711</subfield>
  </datafield>
  <datafield tag="029" ind1="1" ind2=" ">
    <subfield code="a">UNITY</subfield>
    <subfield code="b">054675529</subfield>
  </datafield>
  <datafield tag="035" ind1=" " ind2=" ">
    <subfield code="a">(OCoLC)21593110</subfield>
    <subfield code="z">(OCoLC)27643898</subfield>
    <subfield code="z">(OCoLC)1027903360</subfield>
  </datafield>
  <datafield tag="040" ind1=" " ind2=" ">
    <subfield code="a">DLC</subfield>
    <subfield code="b">eng</subfield>
    <subfield code="c">DLC</subfield>
    <subfield code="d">OCL</subfield>
    <subfield code="d">PMC</subfield>
    <subfield code="d">VET</subfield>
    <subfield code="d">OCL</subfield>
    <subfield code="d">NLM</subfield>
    <subfield code="d">MUQ</subfield>
    <subfield code="d">NLGGC</subfield>
    <subfield code="d">BTCTA</subfield>
    <subfield code="d">YDXCP</subfield>
    <subfield code="d">BAKER</subfield>
    <subfield code="d">DEBBG</subfield>
    <subfield code="d">GBVCP</subfield>
    <subfield code="d">SGE</subfield>
    <subfield code="d">OCLCO</subfield>
    <subfield code="d">OCLCF</subfield>
    <subfield code="d">OCLCQ</subfield>
    <subfield code="d">DEBSZ</subfield>
    <subfield code="d">OCLCQ</subfield>
    <subfield code="d">FC@</subfield>
    <subfield code="d">VYT</subfield>
    <subfield code="d">OCLCO</subfield>
    <subfield code="d">OCLCQ</subfield>
    <subfield code="d">WLU</subfield>
    <subfield code="d">OCLCO</subfield>
    <subfield code="d">DHA</subfield>
    <subfield code="d">OCLCA</subfield>
    <subfield code="d">APUMS</subfield>
    <subfield code="d">OCLCQ</subfield>
    <subfield code="d">CNO</subfield>
    <subfield code="d">OCLCA</subfield>
    <subfield code="d">OCLCQ</subfield>
  </datafield>
  <datafield tag="050" ind1="0" ind2="0">
    <subfield code="a">BF698</subfield>
    <subfield code="b">.H335 1990</subfield>
  </datafield>
  <datafield tag="060" ind1="0" ind2="0">
    <subfield code="a">BF 698</subfield>
    <subfield code="b">H2364 1990</subfield>
  </datafield>
  <datafield tag="082" ind1="0" ind2="0">
    <subfield code="a">155.2</subfield>
    <subfield code="2">20</subfield>
  </datafield>
  <datafield tag="084" ind1=" " ind2=" ">
    <subfield code="a">77.52</subfield>
    <subfield code="2">bcl</subfield>
  </datafield>
  <datafield tag="084" ind1=" " ind2=" ">
    <subfield code="a">CR 1000</subfield>
    <subfield code="2">rvk</subfield>
  </datafield>
  <datafield tag="245" ind1="0" ind2="0">
    <subfield code="a">Handbook of personality :</subfield>
    <subfield code="b">theory and research /</subfield>
    <subfield code="c">edited by Lawrence A. Pervin.</subfield>
  </datafield>
  <datafield tag="260" ind1=" " ind2=" ">
    <subfield code="a">New York :</subfield>
    <subfield code="b">Guilford Press,</subfield>
    <subfield code="c">&#xFFFD;1990.</subfield>
  </datafield>
  <datafield tag="300" ind1=" " ind2=" ">
    <subfield code="a">xiv, 738 pages :</subfield>
    <subfield code="b">illustrations ;</subfield>
    <subfield code="c">26 cm</subfield>
  </datafield>
  <datafield tag="504" ind1=" " ind2=" ">
    <subfield code="a">Includes bibliographical references and index.</subfield>
  </datafield>
  <datafield tag="505" ind1="0" ind2="0">
    <subfield code="t">A brief history of modern personality theory /</subfield>
    <subfield code="r">Lawrence A. Pervin --</subfield>
    <subfield code="t">Psychoanalytic approaches to personality /</subfield>
    <subfield code="r">Drew Westen --</subfield>
    <subfield code="t">The "big five" factor taxonomy : dimensions of personality in the natural language and in questionnaires /</subfield>
    <subfield code="r">Oliver P. John --</subfield>
    <subfield code="t">Advances in Cattellian personality theory /</subfield>
    <subfield code="r">Raymond B. Cattell --</subfield>
    <subfield code="t">Personality dispositions revisited and revised : a view after three decades /</subfield>
    <subfield code="r">Walter Mischel --</subfield>
    <subfield code="t">Personality, cognition, and purposive behavior /</subfield>
    <subfield code="r">Nancy Cantor and Sabrina Zirkel --</subfield>
    <subfield code="t">Cognitive-experiential self-theory /</subfield>
    <subfield code="r">Seymour Epstein --</subfield>
    <subfield code="t">Personality development from an interactional perspective /</subfield>
    <subfield code="r">David Magnusson --</subfield>
    <subfield code="t">Behavioral genetics and personality /</subfield>
    <subfield code="r">Robert Plomin, Heather M. Chipuer, and John C. Loehlin --</subfield>
    <subfield code="t">Biological dimensions of personality /</subfield>
    <subfield code="r">Hans J. Eysenck --</subfield>
    <subfield code="t">Self-knowledge and social development in early life /</subfield>
    <subfield code="r">Michael Lewis --</subfield>
    <subfield code="t">Personality, social psychology, and person-situation relations : standards and knowledge activation as a common language /</subfield>
    <subfield code="r">E. Tory Higgins --</subfield>
    <subfield code="t">The disorders of personality /</subfield>
    <subfield code="r">Theodore Millon --</subfield>
    <subfield code="t">Personality change and psychotherapy /</subfield>
    <subfield code="r">Stanley B. Messer and Seth Warren --</subfield>
    <subfield code="t">The semiotic subject of cultural psychology /</subfield>
    <subfield code="r">Richard A. Schweder and Maria A. Sullivan --</subfield>
    <subfield code="t">Personality and private experience : individual variations in consciousness and in attention to subjective phenomena /</subfield>
    <subfield code="r">Jerome L. Singer and George A. Bonanno --</subfield>
    <subfield code="t">The psychological unconscious /</subfield>
    <subfield code="r">John F. Kihlstrom --</subfield>
    <subfield code="t">Attribution in personality psychology /</subfield>
    <subfield code="r">Bernard Weiner --</subfield>
    <subfield code="t">Sex, gender, and the individual /</subfield>
    <subfield code="r">Richard D. Ashmore --</subfield>
    <subfield code="t">Perspectives on competence motivation /</subfield>
    <subfield code="r">Richard Koestner and David C. McClelland --</subfield>
    <subfield code="t">Personality continuity and change across the life course /</subfield>
    <subfield code="r">Avshalom Caspi and Daryl J. Bem --</subfield>
    <subfield code="t">The interpersonal self /</subfield>
    <subfield code="r">Hazel Markus and Susan Cross --</subfield>
    <subfield code="t">Emotion and adaptation /</subfield>
    <subfield code="r">Craig A. Smith and Richard S. Lazarus --</subfield>
    <subfield code="t">Personality and health /</subfield>
    <subfield code="r">Richard J. Contrada, Howard Leventhal, and Ann O'Leary --</subfield>
    <subfield code="t">Personality and politics /</subfield>
    <subfield code="r">Dean Keith Simonton --</subfield>
    <subfield code="t">Personality assessment : a conceptual survey /</subfield>
    <subfield code="r">Leonard G. Rorer --</subfield>
    <subfield code="t">Personality theory and research : prospects for the future /</subfield>
    <subfield code="r">Lawrence A. Pervin.</subfield>
  </datafield>
  <datafield tag="583" ind1="1" ind2=" ">
    <subfield code="a">committed to retain</subfield>
    <subfield code="c">20160630</subfield>
    <subfield code="d">20310630</subfield>
    <subfield code="f">EAST</subfield>
    <subfield code="u">http://eastlibraries.org/retained-materials</subfield>
    <subfield code="5">CtW</subfield>
    <subfield code="z">This title retained by Wesleyan University Library on behalf of the Eastern Academic Scholars Trust (EAST) print archive</subfield>
  </datafield>
  <datafield tag="650" ind1=" " ind2="0">
    <subfield code="a">Personality.</subfield>
    <subfield code="9">44525</subfield>
  </datafield>
  <datafield tag="650" ind1=" " ind2="2">
    <subfield code="a">Personality.</subfield>
    <subfield code="9">44525</subfield>
  </datafield>
  <datafield tag="650" ind1=" " ind2="6">
    <subfield code="a">Personnalit&#xFFFD;e</subfield>
    <subfield code="9">31465</subfield>
  </datafield>
  <datafield tag="650" ind1=" " ind2="7">
    <subfield code="a">Personality.</subfield>
    <subfield code="2">fast</subfield>
    <subfield code="9">44525</subfield>
  </datafield>
  <datafield tag="650" ind1="1" ind2="7">
    <subfield code="a">Persoonlijkheid.</subfield>
    <subfield code="2">gtt</subfield>
    <subfield code="9">7859</subfield>
  </datafield>
  <datafield tag="650" ind1=" " ind2="7">
    <subfield code="a">Pers&#xFFFD;onlichkeitsforschung</subfield>
    <subfield code="2">gnd</subfield>
    <subfield code="9">44526</subfield>
  </datafield>
  <datafield tag="650" ind1=" " ind2="7">
    <subfield code="a">Pers&#xFFFD;onlichkeitspsychologie</subfield>
    <subfield code="2">gnd</subfield>
    <subfield code="9">44527</subfield>
  </datafield>
  <datafield tag="650" ind1=" " ind2="7">
    <subfield code="a">Pers&#xFFFD;onlichkeitstheorie</subfield>
    <subfield code="2">gnd</subfield>
    <subfield code="9">44528</subfield>
  </datafield>
  <datafield tag="650" ind1=" " ind2="7">
    <subfield code="a">Theoriebildung</subfield>
    <subfield code="2">gnd</subfield>
    <subfield code="9">44529</subfield>
  </datafield>
  <datafield tag="650" ind1=" " ind2="7">
    <subfield code="a">Personality.</subfield>
    <subfield code="2">nasat</subfield>
    <subfield code="9">44525</subfield>
  </datafield>
  <datafield tag="653" ind1=" " ind2="0">
    <subfield code="a">Personality</subfield>
  </datafield>
  <datafield tag="655" ind1=" " ind2="4">
    <subfield code="a">Aufsatzsammlung.</subfield>
    <subfield code="9">44530</subfield>
  </datafield>
  <datafield tag="700" ind1="1" ind2=" ">
    <subfield code="a">Pervin, Lawrence A.</subfield>
    <subfield code="9">1386</subfield>
  </datafield>
  <datafield tag="856" ind1="4" ind2="1">
    <subfield code="3">Table of contents</subfield>
    <subfield code="u">http://www.gbv.de/dms/bowker/toc/9780898625936.pdf</subfield>
  </datafield>
  <datafield tag="856" ind1="4" ind2="1">
    <subfield code="3">Table of contents</subfield>
    <subfield code="u">http://digitool.hbz-nrw.de:1801/webclient/DeliveryManager?pid=3347444</subfield>
  </datafield>
  <datafield tag="942" ind1=" " ind2=" ">
    <subfield code="c">BK</subfield>
  </datafield>
  <datafield tag="948" ind1=" " ind2=" ">
    <subfield code="h">NO HOLDINGS IN GHUCC - 710 OTHER HOLDINGS</subfield>
  </datafield>
</record>
